ნორმალური ფორმატი
MARC ფორმატი
ჩანაწერი Corporate Name
ჩანაწერთა რაოდენობა, რომელიც გამოყენებულია: 1
001 - CONTROL NUMBER
- control field: 27287
003 - CONTROL NUMBER IDENTIFIER
- control field: GE_BSU
005 - DATE AND TIME OF LATEST TRANSACTION
- control field: 20260408110349.0
008 - FIXED-LENGTH DATA ELEMENTS
- fixed length control field: 260408|| aca||aabn | a|a d
040 ## - CATALOGING SOURCE
- Original cataloging agency: GE_BSU
- Transcribing agency: GE_BSU
110 ## - HEADING--CORPORATE NAME
- Corporate name or jurisdiction name as entry element: სოხუმის სახელმწ. უნივერსიტეტი
670 ## - SOURCE DATA FOUND
- Source citation: Work cat.: (GE_BSU): კიკვიძე, ზაალ 27285, ორი ნიშანსვეტი ადრეულ ბრიტანულ კავკასიოლოგიაში = Two landmarks in early British Caucasus studies :
